ბათუმის შოთა რუსთაველის სახელმწიფო უნივერსიტეტის ბიბლიოთეკა

ნაკვესები (ბიბ.ჩანაწერი № 48833)

000 -LEADER
fixed length control field 00634nam a2200193Ia 4500
001 - CONTROL NUMBER
control field 15735
003 - CONTROL NUMBER IDENTIFIER
control field GE_BSU
008 - FIXED-LENGTH DATA ELEMENTS--GENERAL INFORMATION
fixed length control field 181216s||||||||xx |||||||||||||| ||und||
040 ## - CATALOGING SOURCE
Transcribing agency GE_BSU
100 ## - MAIN ENTRY--PERSONAL NAME
Personal name წერეთელი, ა. (აკაკი, 1840-1915)
245 ## - TITLE STATEMENT
Title ნაკვესები
245 ## - TITLE STATEMENT
Statement of responsibility, etc. რედ.გ.ნატროშვილი. მხ. ი.ჯანაშვილი
260 ## - PUBLICATION, DISTRIBUTION, ETC.
Place of publication, distribution, etc. თბილისი
260 ## - PUBLICATION, DISTRIBUTION, ETC.
Name of publisher, distributor, etc. ლიტ.გაზეთის გამოც.
260 ## - PUBLICATION, DISTRIBUTION, ETC.
Date of publication, distribution, etc. 1960
300 ## - PHYSICAL DESCRIPTION
Extent 96გვ. : პორტრ.. ; 16სმ
653 ## - INDEX TERM--UNCONTROLLED
Uncontrolled term ნაკვესები
942 ## - ADDED ENTRY ELEMENTS (KOHA)
Koha item type წიგნი
ეგზემპლარები
Withdrawn status Lost status Damaged status Not for loan Date acquired Barcode Date last seen Price effective from Koha item type
        2018-12-17 38877 2018-12-17 2018-12-17 წიგნი
        2018-12-17 38878 2018-12-17 2018-12-17 წიგნი